000 01287cam a22003737a 4500
003 CHAP
005 20220329142232.0
008 000315d1995 us a r 00010 eng d
010 _a80333
011 _a81305
020 _a082479351X
035 _a91773
040 _cCHAP
082 0 4 _a664
_bM33
100 0 0 _aMadhavi, D. L.
_eed.
_969686
245 1 0 _aFood antioxidants :
_btechnological, toxicological, and health perspectives
_c/ed. by D. L. Madhavi, S. S. Deshpande and D. K. Salunkhe
260 _aNew York :
_bMarcel Dekker,
_c1995.
300 _a490 p. :
_bilus. ; gráfs.
490 0 _aFood science and technology
590 _aBATCH-UPD
_b10
_c20130110
_lUCH01
_h0438
590 _aBATCH-UPD
_b10
_c20130110
_lUCH01
_h2149
590 _aBATCH-UPD
_b10
_c20130410
_lUCH01
_h0113
590 _aBATCH-UPD
_b10
_c20130914
_lUCH01
_h0157
590 _aCONVERSION
_b10
_c20130109
_lUCH01
_h1345
650 1 4 _aAlimentos
_xPreservación.
_94266
650 1 4 _aAntioxidantes.
_96070
700 0 _aDeshpande, S. S.
_eed.
_932137
700 0 _aSalunkhe, D.K.
_eed.
_9101847
830 0 _aFood science and technology
_942197
901 _aBK
905 _aBlanca M. García O.
942 _cLIBRO
949 _a664 M33
_bBC
_cLIBRO
_d33724000772265
_eLIBRO
_gI. 203153
_h97570
_i91773
_si
_t$2132.00
999 _c80333
_d80333